00493nam a2200109Ia 4500008004100000020001800041100008200059245015100141260002700292650001200319856005200331171212s9999 xx 000 0 und d a9780833084286 aLim, Nelson;Mariano, Louis T.;Cox, Amy G.;Schulker, David;Hanser, Lawrence M. cLim, Nelson;Mariano, Louis T.;Cox, Amy G.;Schulker, David;Hanser, Lawrence M.aImproving Demographic Diversity in the U.S. Air Force Officer Corps bRAND Corporationc2014 aHistory uhttp://www.jstor.org/stable/10.7249/j.ctt6wq9fv